[Event "ITA-ch U16"]
[Site "Montesilvano"]
[Date "2015.07.03"]
[Round "6"]
[White "Bizzarro, Sofia"]
[Black "Gueci, Tea"]
[Result "0-1"]
[WhiteElo "1843"]
[BlackElo "2171"]
[PlyCount "74"]
[EventDate "2015.06.29"]
[EventType "swiss"]
[EventRounds "9"]
[EventCountry "ITA"]
[SourceTitle "EXT 2024"]
[Source "ChessBase"]
[SourceDate "2023.10.10"]
[SourceVersion "1"]
[SourceVersionDate "2023.10.10"]
[SourceQuality "1"]

1. e4 c6 2. d4 g6 3. Nf3 Bg7 4. Nc3 d6 5. Be2 Nf6 6. 0-0 0-0 7. a4 Qc7 8. h3 e5 9. dxe5 dxe5 10. Be3 Nh5 11. Qc1 Nd7 12. Bh6 Nc5 13. Bxg7 Kxg7 14. Qe3 Ne6 15. Bc4 Nef4 16. Ne2 Be6 17. Bxe6 Nxe6 18. Qc3 f6 19. g3 Rad8 20. b4 Qe7 21. Rfd1 Kh8 22. Qb2 Nhg7 23. b5 c5 24. Nc3 Nd4 25. Nd2 f5 26. Nd5 Qg5 27. c3 Ne2+ 28. Kg2 Ne6 29. Nf3 N2f4+ 30. Nxf4 Nxf4+ 31. Kh2 Qh5 32. gxf4 Qxf3 33. Rxd8 Qxf4+ 34. Kg2 Rxd8 35. Rf1 Qxe4+ 36. Kg1 Qf3 37. Kh2 Rd3 0-1

[Event "ITA-ch U16"]
[Site "Montesilvano"]
[Date "2015.07.01"]
[Round "3"]
[White "Bizzarro, Sofia"]
[Black "Di Benedetto, Desiree"]
[Result "1/2-1/2"]
[WhiteElo "1843"]
[BlackElo "2114"]
[PlyCount "106"]
[EventDate "2015.06.29"]
[EventType "swiss"]
[EventRounds "9"]
[EventCountry "ITA"]
[SourceTitle "EXT 2024"]
[Source "ChessBase"]
[SourceDate "2023.10.10"]
[SourceVersion "1"]
[SourceVersionDate "2023.10.10"]
[SourceQuality "1"]

1. e4 e6 2. d4 d5 3. e5 c5 4. c3 Nc6 5. Nf3 Bd7 6. a3 f6 7. exf6 Nxf6 8. b4 cxd4 9. cxd4 Bd6 10. Bb2 0-0 11. Bd3 Qc7 12. Nbd2 e5 13. dxe5 Nxe5 14. Be2 Rae8 15. 0-0 Nxf3+ 16. Nxf3 Bg4 17. h3 Bh5 18. Bxf6 Rxf6 19. Qxd5+ Bf7 20. Qd1 Bf4 21. Bd3 Rd8 22. Qc2 Rc6 23. Qb1 Kh8 24. Be4 Rh6 25. Rd1 Re8 26. Bf5 Rd6 27. Rxd6 Qxd6 28. Qd3 Qf6 29. Rd1 b6 30. Be4 h6 31. b5 Qe7 32. Bc6 Rg8 33. Qd7 Qf6 34. Qxa7 Bb3 35. Re1 Rb8 36. g3 Bd6 37. Qd7 Rf8 38. Re8 Bxa3 39. Rxf8+ Bxf8 40. Nh4 Bf7 41. Qf5 Qxf5 42. Nxf5 g6 43. Ne3 Kg7 44. Kg2 Kf6 45. f4 Ke7 46. Nd5+ Bxd5+ 47. Bxd5 Kf6 48. Kf3 g5 49. Kg4 gxf4 50. gxf4 Bd6 51. f5 Bb4 52. Be6 Ba3 53. Kh5 Bc1 1/2-1/2

[Event "Rome Cittadino La Lupa"]
[Site "Rome"]
[Date "2011.05.16"]
[Round "3"]
[White "Mastrantonio, Giuseppe"]
[Black "Bizzarro, Sofia"]
[Result "1-0"]
[WhiteElo "1705"]
[BlackElo "1384"]
[PlyCount "65"]
[EventDate "2011.05.05"]
[EventType "swiss"]
[EventRounds "7"]
[EventCountry "ITA"]
[SourceTitle "EXT 2024"]
[Source "ChessBase"]
[SourceDate "2023.10.10"]
[SourceVersion "1"]
[SourceVersionDate "2023.10.10"]
[SourceQuality "1"]

1. e4 c5 2. c3 Nc6 3. d4 cxd4 4. cxd4 d5 5. exd5 Qxd5 6. Be3 Nf6 7. Nc3 Qd8 8. Bb5 Bd7 9. Nf3 e6 10. 0-0 Bd6 11. Bg5 0-0 12. d5 Nb8 13. Bc4 Be7 14. d6 h6 15. dxe7 Qxe7 16. Bh4 Rd8 17. Qe2 Nc6 18. Rad1 a6 19. Rd2 e5 20. Nd5 Qf8 21. Nxf6+ gxf6 22. Bxf6 Bg4 23. Bxd8 Rxd8 24. Rxd8 Qxd8 25. Qe4 Bh5 26. Nxe5 Nxe5 27. Qxe5 Bg6 28. Qg3 b5 29. Qxg6+ Kh8 30. Bxf7 Qf8 31. Re1 h5 32. Re8 Qxe8 33. Qh6# 1-0